Logo BPK

Biblioteka

Politechniki Koszalińskiej

Wytyczne programowania i projektowania zaplecza produkcyjno-usługowego w budownictwie / (Rekord nr 26085)

Szczegóły MARC
000 -ETYKIETA REKORDU
podpole kontrolne o stałej długości 00499nam a2200169 i 4500
001 - NUMER KONTROLNY REKORDU
pole kontrolne bg
040 ## - ŹRÓDŁO KATALOGOWANIA
Instytucja, która utworzyła rekord BPK
041 ## - KOD JĘZYKA
Kod języka tekstu pol
080 ## - UNIWERSALNA KLASYFIKACJA DZIESIĘTNA - UKD
UKD 658.5:69
008 - POLE O STAŁEJ DŁUGOŚCI - DANE KONTROLNE
podpole kontrolne o stałej długości s pl f |000 0 pol
100 1# - NAZWA OSOBOWA
Nazwa osobowa BRATKOWSKI, Adam
245 #0 - TYTUŁ/ODPOWIEDZIALNOŚĆ
Tytuł Wytyczne programowania i projektowania zaplecza produkcyjno-usługowego w budownictwie /
Pozostałe elementy strefy tytułu i oznaczenia odpowiedzialności A. Bratkowski, B. Borkowski, Z. Jaskłowski.
260 ## - STREFA ADRESU WYDAWNICZEGO
Miejsce wydania Warszawa,
Data publikacji, dystrybucji/powstania dokumentu 1968.
700 1# - HASŁO DODATKOWE - NAZWA OSOBOWA
Nazwa osobowa BORKOWSKI, Bogumił
700 1# - HASŁO DODATKOWE - NAZWA OSOBOWA
Nazwa osobowa JASKŁOWSKI, Zdzisław
856 ## - LOKALIZACJA I DOSTĘP DO ELEKTRONICZNYCH DOKUMENTÓW ZDALNYCH
Link (URL) http://koha.tu.koszalin.pl/cgi-bin/koha/opac-detail.pl?biblionumber=26085
Tekst linku Katalog online BPK
942 ## - DODATKOWE ELEMENTY (KOHA)
Typ dokumentu Książka
Egzemplarze
Wycofany Status egzemplarza Uszkodzony Dostępność Lokalizacja stała Lokalizacja bieżąca Miejsce przechowywania Sygnatura Kod kreskowy Typ dokumentu
      Dostępny Biblioteka Politechniki Koszalińskiej Biblioteka Politechniki Koszalińskiej Wypożyczalnia BG 17221 01711196 Książka
      Dostępny Biblioteka Politechniki Koszalińskiej Biblioteka Politechniki Koszalińskiej Wypożyczalnia BG 17222 01711202 Książka
© 2023 Biblioteka Politechniki Koszalińskiej :: KOHA